000 00795nam a22002777a 4500
001 BR8004005
003 BR-BrBNA
005 20230928090639.0
007 ta
008 230509b bl.||||| |||| 00| 0 por d
040 _aBR-BrBNA
_bpor
_cBiblioteca Nacional de Agricultura
041 _a(Por)
072 _aN20; P05
_b4500
090 _ 4500 BR8004005
110 1 _aCompanhia Energetica de Sao Paulo, Sao Paulo (Brasil)
_92428
245 1 _aManual do produtor rural [Mecanizacao agricola]
260 3 _aSao Paulo, SP (Brasil):
_c[nd].
300 _a231 p.
500 _a50 illus.; Published 1980?
650 _aEQUIPAMENTO RURAL
650 _aENERGIA ELETRICA
650 _aMECANIZACAO AGRICOLA
650 _aEXTENSAO RURAL
909 _a202309
_bLucia
_c55
_dLucia Elande
942 _cBK
999 _c29817
_d29817